プロ野球スピリッツA(プロスピA) 走力Aの選手名(2024) - Statistics

General Stats
  • This quiz has been taken 185 times
  • The average score is 15 of 36
Answer Stats
球団名 走力値 選手名 % Correct
阪神 A(85) 近本光司
91%
ソフトバンク A(87) 周東佑京
87%
阪神 A(80) 中野拓夢
74%
ヤクルト A(87) 西川遥輝
71%
巨人 A(80) 吉川尚輝
66%
ロッテ A(81) 岡大海
66%
西武 A(82) 源田壮亮
61%
中日 A(80) 岡林勇希
56%
楽天 A(81) 辰己涼介
55%
DeNA A(80) 桑原将志
54%
楽天 A(81) 小深田大翔
52%
西武 A(80) 外崎修汰
50%
DeNA A(80) 森敬斗
47%
ソフトバンク A(80) 牧原大成
47%
DeNA A(81) 梶原昂希
46%
中日 A(81) 田中幹也
43%
ヤクルト A(82) 塩見泰隆
41%
ロッテ A(80) 藤原恭大
39%
楽天 A(81) 小郷裕哉
38%
中日 A(81) 大島洋平
37%
広島 A(81) 野間峻祥
34%
ロッテ A(84) 髙部瑛斗
32%
阪神 A(80) 小幡竜平
31%
西武 A(80) 滝澤夏央
31%
ソフトバンク A(83) 三森大貴
28%
DeNA A(82) 林琢真
26%
西武 A(83) 金子侑司
26%
巨人 A(80) 若林楽人
23%
ロッテ A(80) 友杉篤輝
22%
西武 A(80) 岸潤一郎
22%
オリックス A(80) 福田周平
21%
ヤクルト A(83) 丸山和郁
17%
日本ハム A(84) A.スティーブンソン
14%
中日 A(82) O.カリステ
14%
広島 A(80) 宇草孔基
10%
西武 A(81) 奥村光一
8%
No matching quizzes found
Score Distribution
Percent of People with Each Score
Percentile by Number Answered
Your Score History
You have not taken this quiz